| 000 | 00714nam a22002537a 4500 | ||
|---|---|---|---|
| 005 | 20241207092210.0 | ||
| 008 | 241207b ||||| |||| 00| 0 eng d | ||
| 020 | _a9780198877202 | ||
| 040 | _cAL | ||
| 041 | _aEnglish | ||
| 082 |
_223 _a349.42 _bCROP |
||
| 100 |
_aRupert Cross and others _9188521 |
||
| 245 | _aPrecedents in English Law | ||
| 250 | _a4. | ||
| 260 |
_aUK _bOxford University Press _c1991 |
||
| 300 |
_aviii,246 p. _bPB _c21x14 cm. |
||
| 365 |
_a1060 _b₹547.50 _c₹ _d₹750.00 |
||
| 440 |
_aClarendon Law Series _9188522 |
||
| 650 |
_a General Law _9188523 |
||
| 650 |
_a English Law _9188524 |
||
| 700 |
_aCROSS (Rupert) _9188525 |
||
| 700 |
_aHARRIS (J W) _9188526 |
||
| 942 |
_2ddc _cBK |
||
| 999 |
_c232260 _d232260 |
||